000 00382pam a2200157a 44500
008 230515b1972 xxu||||| |||| 00| 0 eng d
020 _aNULL
041 _aENGLISH
082 _a630
100 _a6586-1972
245 _aRECOMMENDED PRACTICES FOR METAL SPRAYING FOR PROTECTION OF IRON AND STEEL
250 _a0
260 _aDELHI
_bISI
_c1972
300 _a23
650 _aNULL
999 _c652102
_d652102